Statistieken voor Welke voetbalclubs spelen in de Eredivisie?

Klik hier om de quiz te nemen!

Algemene statistieken

  • Deze quiz is 814 keer genomen
  • De gemiddelde score is 12 van 18

Antwoordstatistieken

Antwoord% Correct
Ajax
99%
PSV
95%
Feyenoord
94%
AZ
88%
FC Groningen
74%
FC Utrecht
72%
Vitesse
70%
Sparta Rotterdam
69%
ADO Den Haag
67%
FC Twente
67%
PEC Zwolle
64%
Heracles Almelo
62%
VVV-Venlo
57%
RKC Waalwijk
55%
Fortuna Sittard
52%
sc Heerenveen
52%
FC Emmen
50%
Willem II
45%

Scoreverdeling

Percentiel versus Aantal Correcte Antwoorden

Procent van Mensen met Elke Score

Uw Scoregeschiedenis

U heeft deze quiz nog niet genomen